000
00318nam a22001457a 4500
003
ASAB
005
20180827062554.0
008
151012t xxu||||| |||| 00| 0 eng d
020
_a
978-81-7132-525-2
040
_c
ASAB
100
_a
B. Annadurai
_9
1619
245
_a
Genomics
300
_a
430 P.
942
_2
ddc
_c
BK
999
_c
479880
_d
479880